Cruzada = Kingdom of Heaven /

La narración del décimo quinto largometraje dirigido por el cineasta inglés Ridley Scott inicia en 1184 en Francia, de la que parte un joven herrero, empujado por su recién descubierto padre, para incorporarse a las Cruzadas en Jerusalén, donde impera una frágil tregua entre cristianos y musulmanes...

Descrición completa

Gardado en:
Detalles Bibliográficos
Autor Principal: Scott, Ridley (realización)
Outros autores: Monahan, William (guión) (guión), Mathieson, John (fotógrafo) (fotógrafo), Dorn, Dody (montaje) (montaje), Gregson-Williams, Harry (música) (música), Bloom, Orlando (actuación) (actuación), Green, Eva (actuación) (actuación), Irons, Jeremy (actuación) (actuación)
Formato: Deslizar
Idioma:inglés
Publicado: EUA : Twentieth Century Fox, 2005, c2005
Temas:
Etiquetas: Engadir etiqueta
Sen Etiquetas, Sexa o primeiro en etiquetar este rexistro!

MARC

LEADER 00000ngm^a2200000^a^4500
001 000187046
005 20250521000000.0
009 20260310102247.549
037 |a Acervo ITESO - Biblioteca 
041 |a ING 
082 |a 810.  |b SCO V. 1 
100 |a Scott, Ridley  |e (realización) 
240 1 1 |a [Cruzada] 
245 1 0 |a Cruzada =  |b Kingdom of Heaven /  |c Realización de R. Scott. 
264 4 |a EUA :  |b Twentieth Century Fox,  |c 2005, c2005 
264 2 |a México :  |b Twentieth Century Fox [distribución],  |c 2005, c2005 
300 |a 1 DVD regiones 1 y 4  |c (144 min.) 
336 |a imagen móvil bidimensional  |b tdi  |2 rdacontenido 
337 |a video  |b v  |2 rdamedio 
338 |a videodisco  |b vd  |2 rdasoporte 
520 |a La narración del décimo quinto largometraje dirigido por el cineasta inglés Ridley Scott inicia en 1184 en Francia, de la que parte un joven herrero, empujado por su recién descubierto padre, para incorporarse a las Cruzadas en Jerusalén, donde impera una frágil tregua entre cristianos y musulmanes y el protagonista emprende un proceso iniciático, bajo la guiadora figura paterna, que le transmite no sólo su espada, sino también el sagrado juramento de proteger a los indefensos, salvaguardar la paz y trabajar hacia la armonía entre religiones y culturas, de modo que el reino de los cielos pueda florecer en la Tierra. Con un discurso verbal que aspira a la paz, grandes despliegues en la presentación visual de batallas y rodaje en escenarios de España y Marruecos, la película fue producida dentro de la industria norteamericana –donde Scott ha desarrollado la mayor parte de su filmografía- y estrenada en un contexto político contemporáneo caracterizado por graves tensiones entre Estados Unidos y el mundo mahometano de Medio Oriente. Cinco años después de su éxito en taquilla Gladiador (2000), Scott vuelve a las superproducciones épicas, aunque esta vez en el marco medieval, y añade un cuarto título a la vertiente de su filmografía presidida por recreaciones de épocas pasadas, precedido también por su opera prima Los duelistas (1977) y 1492: la conquista del paraíso (1992). Esta presentación en DVD la integran dos tomos: el primero contiene la película en su versión exhibida comercialmente con duración de 145 minutos –el corte de Scott se extiende a los 190 minutos- y la opción de reemplazar los subtítulos con comentarios acerca del período histórico durante el que se desarrolla la trama, en tanto el segundo está formado por un conjunto de materiales complementarios. 
546 |a En alemán, árabe e inglés, con subtítulos opcionales: español, inglés, portugués 
546 |a Doblaje opcional: español, portugués 
649 |a XX 
650 |a Cineastas Ingleses 
650 |a Películas Bélicas 
650 |a Películas Históricas 
650 |a Dramas Cinematográficos 
650 |a Cine Norteamericano -  |y 2000-2009 
650 |a Cine Norteamericano -  |y Siglo XXI 
650 |a Templarios 
650 |a Caballería (Cuerpo de Nobleza) 
650 |a Honor 
650 |a Paternidad 
650 |a Relaciones Padres-Hijos 
650 |a Relaciones Familiares 
650 |a Destino y Fatalismo 
650 |a Armisticio 
650 |a Pacifismo 
650 |a Guerra Santa 
650 |a Guerra y Religión 
650 |a Guerra y Paz 
650 |a Violencia Política 
650 |a Conspiración 
650 |a Traición 
650 |a Fundamentalismo Religioso 
650 |a Tolerancia e Intolerancia 
650 |a Política y Religión -  |z Medio Oriente -  |x Historia 
650 |a Relaciones Internacionales -  |z Occidente-Oriente 
650 |a Política -  |z Medio Oriente -  |x Historia 
650 |a Relaciones Interculturales -  |z Occidente-Oriente 
650 |a Cristianismo 
650 |a Islamismo 
650 |a Jerusalén, Israel en el Cine 
650 |a Jerusalén, Israel -  |x Historia -  |y Reino Latino, 1099-1244 
650 |a Palestina en el Cine 
650 |a Palestina -  |x Historia -  |y 638-1917 
650 |a Medio Oriente en el Cine 
650 |a Medio Oriente -  |x Historia 
650 |a Cruzadas -  |x Historia 
650 |a Edad Media -  |x Historia 
700 |a Monahan, William  |e (guión) 
700 |a Mathieson, John  |e (fotógrafo) 
700 |a Dorn, Dody  |e (montaje) 
700 |a Gregson-Williams, Harry  |e (música) 
700 |a Bloom, Orlando  |e (actuación) 
700 |a Green, Eva  |e (actuación) 
700 |a Irons, Jeremy  |e (actuación) 
910 |a Fondo General 
920 |a Audiovisuales - DVDs 
940 |a Películas 
905 |a 302 
901 |a 0500088714  |b IT2  |c DVS  |u 20250521 
902 |a https://opac.biblio.iteso.mx/vufind/Record/000187046